[Event "Scarborough CC-ch"]
[Site "Toronto CAN"]
[Date "2025.05.01"]
[Round "3.9"]
[White "Balakrishnan, Shankar"]
[Black "Wang, Nathan"]
[Result "0-1"]
[WhiteElo "1748"]
[BlackElo "2099"]
[WhiteFideId "-1"]
[WhiteFideId "-1"]
[PlyCount "52"]
[GameId "2226046759825036"]
[EventDate "2025.04.17"]
[EventType "swiss"]
[EventRounds "10"]
[EventCountry "CAN"]

1. e4 d6 2. d4 Nf6 3. Nc3 Nbd7 4. f4 e5 5. Nf3 exd4 6. Nxd4 g6 7. Bd3 Bg7 8. O-O O-O 9. Nf3 Re8 10. h3 Nc5 11. e5 dxe5 12. Nxe5 Nxd3 13. Qxd3 Bf5 14. Qf3 Nd7 15. Nd3 Bd4+ 16. Kh2 h5 17. Ne2 Be4 18. Qg3 h4 19. Qe1 Bxd3 20. cxd3 Qe7 21. Nxd4 Qxe1 22. Rxe1 Rxe1 23. Nf3 Rd1 24. Nxh4 Nc5 25. b3 Nxd3 26. Bb2 Nxb2 0-1

[Event "Scarborough CC-ch"]
[Site "Toronto CAN"]
[Date "2025.05.01"]
[Round "3.10"]
[White "Southam, David"]
[Black "Guan, Isabelle"]
[Result "1-0"]
[WhiteElo "2037"]
[BlackElo "1618"]
[WhiteFideId "-1"]
[WhiteFideId "-1"]
[PlyCount "141"]
[GameId "2226046759603832"]
[EventDate "2025.04.17"]
[EventType "swiss"]
[EventRounds "10"]
[EventCountry "CAN"]

1. d4 Nf6 2. c4 e6 3. Nc3 Bb4 4. e3 b6 5. Nge2 Bb7 6. a3 Bxc3+ 7. Nxc3 d6 8. Bd3 Nbd7 9. O-O O-O 10. e4 h6 11. f3 Qe7 12. Re1 e5 13. d5 Rac8 14. Be3 Nc5 15. Bf1 Nh7 16. b4 Nd7 17. Bd3 c6 18. dxc6 Bxc6 19. Qd2 Bb7 20. Rac1 Nhf6 21. Bf1 Ba6 22. Red1 Bxc4 23. Bxc4 Rxc4 24. Nd5 Nxd5 25. Rxc4 Nxe3 26. Qxe3 Nf6 27. Qc1 Qe6 28. Rc6 Rd8 29. Qd2 Ne8 30. Qd5 Qe7 31. Qc4 Qb7 32. Rc1 Qd7 33. Rc8 Qe7 34. Qf1 Qd7 35. Rxd8 Qxd8 36. Qb5 Kh7 37. Qd3 Nc7 38. Rd1 Ne8 39. g3 Qf6 40. Kg2 Qg6 41. Qd2 Qe6 42. Qd5 Qg6 43. Qb7 Qe6 44. Rd2 Nf6 45. Qc6 Ne8 46. Qd5 Qe7 47. a4 Qd7 48. b5 Qe7 49. h4 Qc7 50. Qc6 Qe7 51. Qd5 Qc7 52. h5 Qe7 53. Qc6 Qd8 54. Qb7 Qg5 55. Rf2 Nf6 56. Qxf7 Kh8 57. Rc2 Kh7 58. Qg6+ Qxg6 59. hxg6+ Kxg6 60. Rc7 d5 61. exd5 Nxd5 62. Rxa7 Kf6 63. a5 g5 64. a6 Nc3 65. Rb7 Nd5 66. a7 h5 67. a8=Q Ne3+ 68. Kg1 Nd5 69. Qd8+ Ke6 70. Qd7+ Kf6 71. Qf7# 1-0

[Event "Scarborough CC-ch"]
[Site "Toronto CAN"]
[Date "2025.05.01"]
[Round "3.11"]
[White "Mesiti, Silvano"]
[Black "Ma, Quentin"]
[Result "0-1"]
[WhiteElo "1563"]
[BlackElo "1654"]
[WhiteFideId "-1"]
[WhiteFideId "-1"]
[PlyCount "122"]
[GameId "2226046759632505"]
[EventDate "2025.04.17"]
[EventType "swiss"]
[EventRounds "10"]
[EventCountry "CAN"]

1. e4 e5 2. Nc3 Nf6 3. d3 Bb4 4. Bd2 d6 5. Nf3 Nc6 6. Be2 h6 7. a3 Ba5 8. b4 Bb6 9. Na4 Bg4 10. Nxb6 axb6 11. c3 d5 12. exd5 Qxd5 13. O-O Bxf3 14. Bxf3 Qxd3 15. Be2 Qd7 16. Qc2 O-O 17. Rfd1 Qe6 18. h3 Rfd8 19. Be3 Rxd1+ 20. Bxd1 Nd5 21. Bc1 Nf4 22. Bxf4 exf4 23. Bf3 Qf6 24. Bxc6 Qxc6 25. Qd3 Re8 26. Rd1 g6 27. Kf1 Qe6 28. a4 Qe4 29. Qxe4 Rxe4 30. Rd7 Rc4 31. Rd3 Kf8 32. Ke2 Ke7 33. Kd2 c5 34. a5 cxb4 35. cxb4 Rxb4 36. axb6 Rxb6 37. Kc2 Rd6 38. Rb3 b6 39. f3 Kf6 40. Rb5 g5 41. Rb4 Kg6 42. Rb2 Kh5 43. Kc3 Kh4 44. Re2 Kg3 45. Rb2 f5 46. Kc4 h5 47. Rb5 Rf6 48. Rb2 g4 49. hxg4 hxg4 50. fxg4 fxg4 51. Kd5 f3 52. gxf3 gxf3 53. Ke5 Rf8 54. Rxb6 f2 55. Rg6+ Kf3 56. Rh6 f1=Q 57. Rh3+ Qxh3 58. Kd4 Qd7+ 59. Kc3 Rc8+ 60. Kb4 Qb7+ 61. Ka3 Ra8# 0-1

[Event "Scarborough CC-ch"]
[Site "Toronto CAN"]
[Date "2025.05.01"]
[Round "3.12"]
[White "Chen, Larry"]
[Black "Chen, Brady"]
[Result "1-0"]
[WhiteElo "1958"]
[BlackElo "1612"]
[WhiteFideId "-1"]
[WhiteFideId "-1"]
[PlyCount "45"]
[GameId "2226046759648890"]
[EventDate "2025.04.17"]
[EventType "swiss"]
[EventRounds "10"]
[EventCountry "CAN"]

1. d4 d5 2. c4 e6 3. Nc3 Nf6 4. Nf3 Nc6 5. Bg5 Be7 6. e3 a6 7. Rc1 Nd7 8. Bf4 Nb6 9. b3 f6 10. Bd3 Na5 11. Qe2 c5 12. cxd5 exd5 13. dxc5 Bxc5 14. Nd4 Bxd4 15. exd4+ Qe7 16. Qxe7+ Kxe7 17. Bc7 Be6 18. Bxb6 Nc6 19. Kd2 Kd7 20. f4 g6 21. Na4 Rhe8 22. Nc5+ Kc8 23. Rhe1 1-0

[Event "Scarborough CC-ch"]
[Site "Toronto CAN"]
[Date "2025.05.01"]
[Round "3.13"]
[White "Vetrivel, Jai Hanuj"]
[Black "Ajith, Aarush"]
[Result "0-1"]
[WhiteElo "1665"]
[BlackElo "1924"]
[WhiteFideId "-1"]
[WhiteFideId "-1"]
[PlyCount "90"]
[GameId "2226046759657083"]
[EventDate "2025.04.17"]
[EventType "swiss"]
[EventRounds "10"]
[EventCountry "CAN"]

1. c4 c5 2. g3 g6 3. Bg2 Bg7 4. Nc3 Nc6 5. d3 d6 6. Qd2 Nf6 7. b3 O-O 8. Bb2 e6 9. e4 Re8 10. Nge2 a6 11. O-O Bd7 12. f4 Qc7 13. Nd1 e5 14. Ne3 Rad8 15. fxe5 dxe5 16. Nc3 Be6 17. Ncd5 Bxd5 18. cxd5 Nd4 19. Bxd4 cxd4 20. Nc4 b5 21. Na5 Ng4 22. Rac1 Qb6 23. Rc6 Qa7 24. Rfc1 Bh6 25. Qe2 Be3+ 26. Kf1 Bxc1 27. Qxg4 Bd2 28. b4 Bxb4 29. Nb3 a5 30. Bh3 a4 31. Na1 Qe7 32. Nc2 Bc3 33. a3 b4 34. axb4 Bxb4 35. Rc4 Rb8 36. Qd7 Qf6+ 37. Ke2 Bc3 38. Qxa4 Qg5 39. Kf3 Qd2 40. d6 Qxd3+ 41. Kf2 Qd2+ 42. Kf3 d3 43. Bf1 dxc2 44. d7 Red8 45. Qa7 c1=Q 0-1

[Event "Scarborough CC-ch"]
[Site "Toronto CAN"]
[Date "2025.05.01"]
[Round "3.14"]
[White "Anish, Diganth"]
[Black "Bi, William"]
[Result "1-0"]
[WhiteElo "1663"]
[BlackElo "1892"]
[WhiteFideId "-1"]
[WhiteFideId "-1"]
[PlyCount "130"]
[GameId "2226046759669372"]
[EventDate "2025.04.17"]
[EventType "swiss"]
[EventRounds "10"]
[EventCountry "CAN"]

1. e4 e5 2. Nf3 Nc6 3. Bc4 Bc5 4. d3 Nf6 5. Nc3 d6 6. h3 h6 7. a3 a5 8. Be3 Bxe3 9. fxe3 Qe7 10. Qe2 Be6 11. Bxe6 Qxe6 12. d4 Qe7 13. Qd3 O-O 14. O-O-O Rfe8 15. d5 Na7 16. g4 Nd7 17. Rhg1 Nc5 18. Qe2 g6 19. Qf2 b5 20. Nd2 b4 21. axb4 axb4 22. Ncb1 Nb5 23. h4 c6 24. g5 h5 25. Qf6 Qxf6 26. gxf6 cxd5 27. exd5 Rac8 28. c3 bxc3 29. bxc3 Nd3+ 30. Kc2 Nc5 31. e4 Ra8 32. Rde1 Ra2+ 33. Kd1 Rc8 34. Rg3 Nd7 35. Rf1 Na3 36. Nxa3 Rxa3 37. Rff3 Ra1+ 38. Kc2 Rh1 39. Rh3 Rxh3 40. Rxh3 Nxf6 41. Kd3 Nd7 42. Re3 Nc5+ 43. Kc2 Kg7 44. Nc4 Rd8 45. Re1 f6 46. Kd2 g5 47. hxg5 fxg5 48. Ke3 Kg6 49. Rb1 Kf6 50. Rf1+ Kg6 51. Rb1 Na4 52. Rb4 Nxc3 53. Rb6 h4 54. Nxd6 Kh5 55. Nf7 Rd7 56. Rh6+ Kg4 57. Nxe5+ Kg3 58. Nxd7 h3 59. Ne5 Nd1+ 60. Ke2 Nf2 61. d6 h2 62. d7 Nh3 63. d8=Q h1=Q 64. Qd3+ Kf4 65. Rf6+ Kxe5 1-0

[Event "Scarborough CC-ch"]
[Site "Toronto CAN"]
[Date "2025.05.01"]
[Round "3.15"]
[White "Adulfo, Vincent Angel"]
[Black "Pan, Julian"]
[Result "0-1"]
[WhiteElo "1649"]
[BlackElo "1870"]
[WhiteFideId "-1"]
[WhiteFideId "-1"]
[PlyCount "52"]
[GameId "2226046759673469"]
[EventDate "2025.04.17"]
[EventType "swiss"]
[EventRounds "10"]
[EventCountry "CAN"]

1. b3 d5 2. Bb2 c5 3. e3 Bf5 4. Nf3 Nc6 5. d4 e6 6. Bd3 Bg6 7. Ne5 Nxe5 8. dxe5 a6 9. O-O Ne7 10. Nd2 Nc6 11. a3 Be7 12. f4 Bxd3 13. cxd3 O-O 14. f5 exf5 15. Rxf5 Qd7 16. Qf3 g6 17. Rf4 Bg5 18. Rg4 Bxe3+ 19. Kh1 Bxd2 20. Rf1 d4 21. Qg3 Rae8 22. Re4 Bh6 23. h4 Bg7 24. Bc1 Rxe5 25. Rfe1 Rxe4 26. Rxe4 Re8 0-1

[Event "Scarborough CC-ch"]
[Site "Toronto CAN"]
[Date "2025.05.01"]
[Round "3.16"]
[White "Wang, Alan"]
[Black "Jeyakumar, Yathushan"]
[Result "1/2-1/2"]
[WhiteElo "1622"]
[BlackElo "1762"]
[WhiteFideId "-1"]
[WhiteFideId "-1"]
[PlyCount "67"]
[GameId "2226046759685758"]
[EventDate "2025.04.17"]
[EventType "swiss"]
[EventRounds "10"]
[EventCountry "CAN"]

1. d4 Nf6 2. c4 g6 3. Nc3 Bg7 4. e4 d6 5. Nf3 Nbd7 6. Be2 c5 7. d5 O-O 8. Bf4 Qa5 9. Qd2 a6 10. O-O Nb6 11. h3 Na4 12. Nxa4 Qxa4 13. b3 Qe8 14. a4 Nxe4 15. Qd3 Bf5 16. Qe3 Nc3 17. Bd3 Bxd3 18. Qxd3 Qd8 19. Rac1 Na2 20. Rce1 Qd7 21. Re2 Nb4 22. Qd2 Rad8 23. Bh6 e6 24. dxe6 fxe6 25. Bxg7 Kxg7 26. Ng5 e5 27. f4 h6 28. Ne4 Nc6 29. fxe5 Rxf1+ 30. Kxf1 Nxe5 31. Qb2 Qf5+ 32. Kg1 b6 33. Nxd6 Rxd6 34. Qxe5+ 1/2-1/2

[Event "Scarborough CC-ch"]
[Site "Toronto CAN"]
[Date "2025.05.01"]
[Round "3.17"]
[White "Gao, Yiguo"]
[Black "Mendoza, Armand Jess"]
[Result "0-1"]
[WhiteElo "1613"]
[BlackElo "1854"]
[WhiteFideId "-1"]
[WhiteFideId "-1"]
[PlyCount "80"]
[GameId "2226046759693951"]
[EventDate "2025.04.17"]
[EventType "swiss"]
[EventRounds "10"]
[EventCountry "CAN"]

1. e4 d5 2. exd5 Qxd5 3. Nc3 Qd6 4. d4 Nf6 5. h3 c6 6. Nf3 Nbd7 7. Bc4 e6 8. O-O b5 9. Bb3 a5 10. a4 b4 11. Ne2 Qc7 12. Bf4 Bd6 13. Qd2 Ba6 14. Rfe1 O-O 15. Bxd6 Qxd6 16. Nf4 Nd5 17. Nxd5 cxd5 18. Qg5 Rac8 19. Rad1 Bc4 20. Bxc4 Rxc4 21. Qe3 Rfc8 22. Qd3 Qc7 23. Ng5 g6 24. Qf3 Nf8 25. Qf6 h6 26. Nf3 Rxc2 27. Rb1 Nd7 28. Qh4 Kg7 29. Ne5 Nxe5 30. dxe5 Qd8 31. Qd4 Qg5 32. Kh2 Rd2 33. Qa7 Qf4+ 34. Kg1 Rcc2 35. Rf1 Qxe5 36. Qxa5 Qd4 37. Qd8 Rxf2 38. Kh1 Rxb2 39. Rbd1 Qe3 40. Rde1 Qxh3+ 0-1

[Event "Scarborough CC-ch"]
[Site "Toronto CAN"]
[Date "2025.05.01"]
[Round "3.18"]
[White "Hong, Zihan"]
[Black "Kola, Venkata Saket Reddy"]
[Result "1-0"]
[WhiteElo "1999"]
[BlackElo "1658"]
[WhiteFideId "-1"]
[WhiteFideId "-1"]
[PlyCount "59"]
[GameId "2226046759702144"]
[EventDate "2025.04.17"]
[EventType "swiss"]
[EventRounds "10"]
[EventCountry "CAN"]

1. d4 d5 2. Bf4 c5 3. Nc3 Nf6 4. e4 dxe4 5. dxc5 Qxd1+ 6. Rxd1 a6 7. Nge2 Bd7 8. Ng3 Bc6 9. Bc4 e6 10. b4 b6 11. Bxb8 Rxb8 12. Bxa6 bxc5 13. b5 Bb7 14. Bxb7 Rxb7 15. a4 Be7 16. Ngxe4 Nxe4 17. Nxe4 O-O 18. c4 Ra8 19. Ra1 Rba7 20. Nc3 Bf6 21. Kd2 Rd7+ 22. Kc2 Rd4 23. Kb3 Rd3 24. Rhc1 Bd8 25. Rd1 Rxd1 26. Rxd1 Bf6 27. b6 Kf8 28. Nb5 Bd8 29. a5 Rb8 30. Rxd8+ 1-0

[Event "Scarborough CC-ch"]
[Site "Toronto CAN"]
[Date "2025.05.01"]
[Round "3.19"]
[White "Yamasaki, Dawson"]
[Black "Sekaran, Adithya"]
[Result "1-0"]
[WhiteElo "1657"]
[BlackElo "1684"]
[WhiteFideId "-1"]
[WhiteFideId "-1"]
[PlyCount "128"]
[GameId "2226046759710337"]
[EventDate "2025.04.17"]
[EventType "swiss"]
[EventRounds "10"]
[EventCountry "CAN"]

1. e4 c6 2. d4 d5 3. exd5 cxd5 4. c4 Nf6 5. Nc3 e6 6. Nf3 Be7 7. cxd5 exd5 8. Bd3 O-O 9. Qc2 Nc6 10. a3 Bg4 11. Be3 Re8 12. O-O-O Rc8 13. Kb1 Qb6 14. Qa4 Bd7 15. Qb5 Qxb5 16. Nxb5 a6 17. Nc3 Na5 18. Ne5 Be6 19. Ka2 Nc6 20. Nxc6 Rxc6 21. h3 b5 22. Ne2 Nd7 23. Nf4 Nb6 24. Nxe6 Rxe6 25. Bf5 Rf6 26. Bg4 Nc4 27. Bf3 Nxe3 28. fxe3 Rd6 29. Rc1 Bg5 30. Rhe1 g6 31. Rc3 Bf6 32. Re2 Bg5 33. Kb1 f5 34. g3 Kf7 35. Kc2 Kf6 36. Kd3 Rde6 37. Kd2 Rd8 38. h4 Bh6 39. Ke1 Bf8 40. Kf2 b4 41. axb4 Bxb4 42. Rc7 h6 43. Rec2 Be7 44. Rb7 g5 45. Rcc7 gxh4 46. gxh4 Kf7 47. Bh5+ Kf6 48. b4 Re4 49. Bf3 Re6 50. h5 Kf7 51. Be2 Kf8 52. Bxa6 Bh4+ 53. Kf3 Rxa6 54. Rf7+ Ke8 55. Rh7 Rf6 56. Rbe7+ Kf8 57. Rc7 Ke8 58. Rce7+ Kf8 59. Ra7 Ke8 60. b5 Rb8 61. b6 Bg5 62. b7 Rf7 63. Rh8+ Rf8 64. Rxf8+ Kxf8 1-0

[Event "Scarborough CC-ch"]
[Site "Toronto CAN"]
[Date "2025.05.01"]
[Round "3.20"]
[White "Chamberland, Luc"]
[Black "Gaffney, Kevin"]
[Result "1-0"]
[WhiteElo "1676"]
[BlackElo "1625"]
[WhiteFideId "-1"]
[WhiteFideId "-1"]
[PlyCount "81"]
[GameId "2226046759739011"]
[EventDate "2025.04.17"]
[EventType "swiss"]
[EventRounds "10"]
[EventCountry "CAN"]

1. e4 e6 2. d4 d5 3. exd5 exd5 4. c4 Bb4+ 5. Nc3 Nc6 6. a3 Bxc3+ 7. bxc3 Nge7 8. Bd3 dxc4 9. Bxc4 O-O 10. Ne2 Bf5 11. O-O Nd5 12. Bd2 Re8 13. Ng3 Bg6 14. Qf3 Nf6 15. Bg5 Qd6 16. Bxf6 gxf6 17. Nh5 Re7 18. Nxf6+ Kg7 19. Nh5+ Kh8 20. Ng3 a6 21. Nf5 Bxf5 22. Qxf5 Rg8 23. Rae1 Nd8 24. Re3 Rxe3 25. fxe3 Qc6 26. Qf6+ Qxf6 27. Rxf6 Re8 28. Kf2 Kg7 29. Rf4 Ne6 30. Re4 Kf6 31. Bxe6 fxe6 32. Rh4 Re7 33. Kf3 Rf7 34. Rf4+ Ke7 35. Rxf7+ Kxf7 36. Ke4 Kf6 37. g4 b5 38. h4 c6 39. g5+ Kf7 40. Ke5 a5 41. Kd6 1-0

[Event "Scarborough CC-ch"]
[Site "Toronto CAN"]
[Date "2025.05.01"]
[Round "3.21"]
[White "Gebhardt, David"]
[Black "Dixon, Javier"]
[Result "0-1"]
[WhiteElo "1606"]
[BlackElo "1640"]
[WhiteFideId "-1"]
[WhiteFideId "-1"]
[PlyCount "132"]
[GameId "2226046759747204"]
[EventDate "2025.04.17"]
[EventType "swiss"]
[EventRounds "10"]
[EventCountry "CAN"]

1. e4 g6 2. d4 Bg7 3. Nf3 c5 4. c3 cxd4 5. cxd4 Nf6 6. Nc3 O-O 7. e5 Ne8 8. Bc4 d6 9. Qb3 dxe5 10. dxe5 Nc6 11. O-O Nxe5 12. Nxe5 Bxe5 13. Nd5 e6 14. Nf4 Nd6 15. Nxe6 fxe6 16. Bxe6+ Nf7 17. Be3 Bxe6 18. Qxe6 Qf6 19. Qb3 Bxb2 20. Rab1 Be5 21. Qxb7 Rfb8 22. Qd5 Qd6 23. Qf3 Bxh2+ 24. Kh1 Be5 25. Rfd1 Qf6 26. Rxb8+ Rxb8 27. Qxf6 Bxf6 28. Bxa7 Ra8 29. Rd7 Ne5 30. Rc7 Rd8 31. g3 Rd2 32. a3 Ng4 33. Kg2 Bd4 34. Bxd4 Rxd4 35. Rc8+ Kg7 36. Rc7+ Kh6 37. Kf3 Ne5+ 38. Ke3 Ra4 39. Rc3 Nc4+ 40. Kd4 Nxa3+ 41. Ke5 Nc4+ 42. Kf6 Nd6 43. f3 Ra6 44. Ke5 Nf7+ 45. Kf4 Ra4+ 46. Ke3 Ng5 47. g4 Ne6 48. Rc6 Ra3+ 49. Kf2 Ng5 50. Rf6 Kg7 51. Rb6 Rxf3+ 52. Kg2 Ra3 53. Rb7+ Kh6 54. Rb4 Nf3 55. Kg3 Ne5+ 56. Kg2 Kg5 57. Rb5 Re3 58. Rb7 h6 59. Rb5 Kxg4 60. Kf2 Rf3+ 61. Kg2 Nd3 62. Rb6 g5 63. Rxh6 Rf2+ 64. Kg1 Kg3 65. Rg6 g4 66. Rd6 Rd2 0-1

[Event "Scarborough CC-ch"]
[Site "Toronto CAN"]
[Date "2025.05.01"]
[Round "3.22"]
[White "Chen, Timmy"]
[Black "Lim, Carl"]
[Result "1/2-1/2"]
[WhiteElo "1755"]
[BlackElo "1611"]
[WhiteFideId "-1"]
[WhiteFideId "-1"]
[PlyCount "84"]
[GameId "2226046759755397"]
[EventDate "2025.04.17"]
[EventType "swiss"]
[EventRounds "10"]
[EventCountry "CAN"]

1. e4 d6 2. d4 Nf6 3. Nc3 Nbd7 4. Be3 e5 5. Bc4 Be7 6. f3 c6 7. Nge2 b5 8. Bb3 a5 9. a3 a4 10. Ba2 Qc7 11. d5 Bb7 12. Ng3 cxd5 13. Nxd5 Nxd5 14. Bxd5 Bxd5 15. Qxd5 O-O 16. Nf5 Bf6 17. c3 Nc5 18. Nxd6 Nb3 19. Nxb5 Qa5 20. Rd1 Rad8 21. Qc4 Rxd1+ 22. Kxd1 Qa6 23. Qb4 Be7 24. Qxe7 Qxb5 25. Qd6 Na1 26. Bc5 Qb3+ 27. Ke1 Re8 28. Qd7 Ra8 29. Qd5 Rc8 30. Qxb3 Nxb3 31. Bb4 Rd8 32. c4 Rc8 33. c5 Nxc5 34. Bxc5 Rxc5 35. Kd2 Rb5 36. Kc2 Rb3 37. Rd1 f6 38. Rd8+ Kf7 39. Ra8 Re3 40. Rd8 Re2+ 41. Rd2 Re3 42. b4 Rxa3 1/2-1/2

[Event "Scarborough CC-ch"]
[Site "Toronto CAN"]
[Date "2025.05.08"]
[Round "4.1"]
[White "Blakely, Matt"]
[Black "Varakunan, Cadiron"]
[Result "0-1"]
[WhiteElo "2079"]
[BlackElo "1975"]
[WhiteFideId "-1"]
[WhiteFideId "-1"]
[PlyCount "76"]
[GameId "2226046759833229"]
[EventDate "2025.04.17"]
[EventType "swiss"]
[EventRounds "10"]
[EventCountry "CAN"]

1. d4 Nf6 2. Nf3 d5 3. c4 e6 4. Nc3 Bb4 5. Bg5 h6 6. Bh4 dxc4 7. Qa4+ Nc6 8. e3 Bd7 9. Qc2 b5 10. Be2 a6 11. O-O Bd6 12. Rad1 e5 13. Ne4 Qe7 14. dxe5 Bxe5 15. Nxe5 Nxe5 16. Nxf6+ gxf6 17. Qe4 Bc6 18. Qf5 Rg8 19. f3 Rg6 20. e4 Nd7 21. Rd4 Qc5 22. Rfd1 Qxf5 23. exf5 Rg8 24. Kf2 O-O-O 25. g4 Rge8 26. a4 Re5 27. axb5 axb5 28. f4 Re4 29. Bf3 Rxd4 30. Rxd4 Bxf3 31. Kxf3 Ne5+ 32. Ke4 Rxd4+ 33. Kxd4 Nf3+ 34. Ke3 Nxh4 35. Kf2 b4 36. Ke3 c5 37. Ke4 Kd7 38. Kd5 c3 0-1

[Event "Scarborough CC-ch"]
[Site "Toronto CAN"]
[Date "2025.05.08"]
[Round "4.2"]
[White "Katz, Lyam"]
[Black "Kola, Venkat Karthikeya R"]
[Result "0-1"]
[WhiteElo "1826"]
[BlackElo "2228"]
[WhiteFideId "-1"]
[WhiteFideId "-1"]
[PlyCount "56"]
[GameId "2226046759866008"]
[EventDate "2025.04.17"]
[EventType "swiss"]
[EventRounds "10"]
[EventCountry "CAN"]

1. e4 c5 2. Nf3 d6 3. d4 cxd4 4. Qxd4 Nc6 5. Bb5 Bd7 6. Bxc6 Bxc6 7. Nc3 Nf6 8. Bg5 e6 9. O-O-O Be7 10. Rhe1 a6 11. e5 dxe5 12. Qxe5 Qc8 13. Qe2 h6 14. Be3 Qc7 15. Kb1 Rc8 16. Nd4 b5 17. Nf5 exf5 18. Bf4 Qb7 19. f3 b4 20. Bd6 Ne4 21. Nxe4 fxe4 22. Bxe7 Qxe7 23. Qxa6 O-O 24. fxe4 Qe6 25. Qd3 Ra8 26. b3 Qe5 27. Qc4 Rxa2 28. Qd4 Qa5 0-1

[Event "Scarborough CC-ch"]
[Site "Toronto CAN"]
[Date "2025.05.08"]
[Round "4.3"]
[White "Gao, Heye"]
[Black "Deepak, Laksshana"]
[Result "1-0"]
[WhiteElo "2169"]
[BlackElo "2127"]
[WhiteFideId "-1"]
[WhiteFideId "-1"]
[PlyCount "65"]
[GameId "2226046759870108"]
[EventDate "2025.04.17"]
[EventType "swiss"]
[EventRounds "10"]
[EventCountry "CAN"]

1. e4 c5 2. Nf3 a6 3. Nc3 d6 4. d4 cxd4 5. Nxd4 Nf6 6. Be2 e5 7. Nb3 Be7 8. O-O O-O 9. Qd3 Nbd7 10. Nd5 Nxd5 11. exd5 b6 12. c4 Bb7 13. a4 Nf6 14. a5 b5 15. cxb5 axb5 16. Bf3 Qc7 17. Rd1 Rfc8 18. Bg5 e4 19. Bxe4 Nxe4 20. Bxe7 Qxe7 21. Re1 Qg5 22. Qxe4 Bxd5 23. h4 Qh5 24. Qd3 Rc4 25. g3 Bc6 26. Nd2 Qg4 27. Nxc4 Qh3 28. Re4 bxc4 29. Qxc4 Bb7 30. a6 Qd7 31. axb7 Rxa1+ 32. Kh2 h6 33. Qc8+ 1-0

[Event "Scarborough CC-ch"]
[Site "Toronto CAN"]
[Date "2025.05.08"]
[Round "4.4"]
[White "Yang, Larry"]
[Black "Mutyalapati, Modith Aaroh"]
[Result "1-0"]
[WhiteElo "2093"]
[BlackElo "2232"]
[WhiteFideId "-1"]
[WhiteFideId "-1"]
[PlyCount "117"]
[GameId "2226046759878301"]
[EventDate "2025.04.17"]
[EventType "swiss"]
[EventRounds "10"]
[EventCountry "CAN"]

1. e4 e6 2. d4 d5 3. Nd2 Nc6 4. Ngf3 Nf6 5. e5 Nd7 6. Be2 f6 7. exf6 Qxf6 8. c3 Bd6 9. Nf1 Nf8 10. Bg5 Qf7 11. Ne3 h6 12. Bh4 g5 13. Bg3 Bd7 14. Ng4 Bxg3 15. hxg3 Ng6 16. Rxh6 O-O-O 17. Nxg5 Qg7 18. Rxh8 Rxh8 19. Nh3 e5 20. dxe5 Ngxe5 21. Nxe5 Qxe5 22. Qd2 Bg4 23. Kf1 Be6 24. Re1 Qf6 25. Qf4 Qg6 26. Bf3 Nd8 27. Kg1 Kb8 28. Qe5 Qh5 29. Bxd5 Bxh3 30. gxh3 Qxh3 31. Bg2 Qh2+ 32. Kf1 Qh6 33. Rd1 Rf8 34. Qe7 Ne6 35. Re1 Nd8 36. Rd1 Ne6 37. Qb4 c6 38. Bxc6 Nc5 39. Qxc5 bxc6 40. Qd6+ Qxd6 41. Rxd6 Kc7 42. Rd2 a5 43. f4 a4 44. a3 c5 45. Kf2 Kc6 46. c4 Rb8 47. Kf3 Rb3+ 48. Kg4 Re3 49. f5 Re4+ 50. Kg5 Rxc4 51. f6 Rd4 52. Rxd4 cxd4 53. f7 d3 54. f8=Q d2 55. Qf1 Kc5 56. Qd1 Kc4 57. Qxd2 Kb3 58. Qc3+ Ka2 59. Kf4 1-0

[Event "Scarborough CC-ch"]
[Site "Toronto CAN"]
[Date "2025.05.08"]
[Round "4.5"]
[White "Wang, Nathan"]
[Black "Ma, Quentin"]
[Result "1-0"]
[WhiteElo "2099"]
[BlackElo "1654"]
[WhiteFideId "-1"]
[WhiteFideId "-1"]
[PlyCount "53"]
[GameId "2226046759878302"]
[EventDate "2025.04.17"]
[EventType "swiss"]
[EventRounds "10"]
[EventCountry "CAN"]

1. e4 e5 2. Nf3 Nc6 3. Bc4 Bc5 4. c3 Nf6 5. d4 exd4 6. e5 d5 7. Bb5 Ne4 8. cxd4 Bb6 9. Nc3 Bg4 10. Be3 O-O 11. h3 Bxf3 12. gxf3 Nxc3 13. bxc3 Qh4 14. f4 f6 15. Qg4 Qxg4 16. hxg4 fxe5 17. fxe5 Na5 18. Bd3 g6 19. f4 Nc4 20. Ke2 Nxe3 21. Kxe3 c5 22. Rh4 c4 23. Bc2 Rae8 24. Rah1 Re7 25. Rh6 Rff7 26. Kf3 g5 27. f5 1-0

[Event "Scarborough CC-ch"]
[Site "Toronto CAN"]
[Date "2025.05.08"]
[Round "4.6"]
[White "Mendoza, Armand Jess"]
[Black "Southam, David"]
[Result "1-0"]
[WhiteElo "1854"]
[BlackElo "2037"]
[WhiteFideId "-1"]
[WhiteFideId "-1"]
[PlyCount "65"]
[GameId "2226046759878303"]
[EventDate "2025.04.17"]
[EventType "swiss"]
[EventRounds "10"]
[EventCountry "CAN"]

1. d4 e6 2. Nf3 f5 3. b3 Nf6 4. g3 b6 5. Bg2 Bb7 6. O-O Be7 7. a4 a5 8. c4 Na6 9. Nc3 Ne4 10. Bb2 Bf6 11. Ne5 Nxc3 12. Bxc3 Bxg2 13. Kxg2 Bxe5 14. dxe5 O-O 15. e3 g5 16. f4 Qe7 17. Bb2 Rad8 18. Qd4 Nb4 19. Rad1 Nc6 20. Qc3 Rf7 21. Bc1 Rdf8 22. fxg5 Qxg5 23. c5 Nb4 24. cxb6 cxb6 25. Qd4 Qd8 26. e4 Qa8 27. Bh6 Rc8 28. Kh3 Qxe4 29. Qxe4 fxe4 30. Rxf7 Kxf7 31. Rf1+ Kg8 32. Rf4 Rc3 33. Rf8# 1-0

[Event "Scarborough CC-ch"]
[Site "Toronto CAN"]
[Date "2025.05.08"]
[Round "4.7"]
[White "Vo, Timothy"]
[Black "Chen, Larry"]
[Result "0-1"]
[WhiteElo "1634"]
[BlackElo "1958"]
[WhiteFideId "-1"]
[WhiteFideId "-1"]
[PlyCount "64"]
[GameId "2226046759878304"]
[EventDate "2025.04.17"]
[EventType "swiss"]
[EventRounds "10"]
[EventCountry "CAN"]

1. d4 Nf6 2. c4 e6 3. g3 Bb4+ 4. Nd2 d6 5. Bg2 Nbd7 6. Ngf3 O-O 7. O-O Bxd2 8. Nxd2 e5 9. d5 a5 10. b3 Ne8 11. e4 g6 12. f4 Ng7 13. f5 Nc5 14. g4 Qh4 15. Qe2 h5 16. Bf3 hxg4 17. Bxg4 gxf5 18. exf5 f6 19. Kh1 Kf7 20. Nf3 Qh7 21. Bb2 Bxf5 22. Bxf5 Nxf5 23. Rg1 Rg8 24. Rg2 Ng3+ 25. Rxg3 Rxg3 26. Rg1 Rxg1+ 27. Kxg1 Rg8+ 28. Kh1 Qb1+ 29. Ne1 Nd3 30. Qh5+ Kf8 31. Qh6+ Ke8 32. Bc1 Qxc1 0-1

[Event "Scarborough CC-ch"]
[Site "Toronto CAN"]
[Date "2025.05.08"]
[Round "4.8"]
[White "Anish, Diganth"]
[Black "Pan, Julian"]
[Result "0-1"]
[WhiteElo "1663"]
[BlackElo "1870"]
[WhiteFideId "-1"]
[WhiteFideId "-1"]
[PlyCount "92"]
[GameId "2226046759882401"]
[EventDate "2025.04.17"]
[EventType "swiss"]
[EventRounds "10"]
[EventCountry "CAN"]

1. e4 e5 2. Nf3 Nc6 3. Bc4 Nf6 4. d3 Bc5 5. c3 d6 6. h3 O-O 7. Bg5 h6 8. Bh4 Qe7 9. O-O Be6 10. Nbd2 a6 11. Bxe6 fxe6 12. Nb3 Ba7 13. Re1 Rad8 14. d4 exd4 15. cxd4 e5 16. Qd3 Kh8 17. d5 Nb8 18. Kh2 g5 19. Bg3 Nh5 20. Qe2 Qg7 21. Ng1 Nxg3 22. fxg3 Rf2 23. Qd1 Rdf8 24. Re2 Nd7 25. Rc1 Nf6 26. Rxf2 Bxf2 27. Qe2 Qh7 28. Nd2 Bb6 29. b4 h5 30. Rf1 Kg8 31. Kh1 g4 32. h4 Qd7 33. Rf5 Rf7 34. Qf1 Nxe4 35. Rxf7 Nxg3+ 36. Kh2 Nxf1+ 37. Rxf1 g3+ 38. Kxg3 Bxg1 39. Rxg1 Qg4+ 40. Kf2 Qd4+ 41. Ke2 Qxg1 42. Nf3 Qxg2+ 43. Ke3 Qxa2 44. Ke4 Qc4+ 45. Kf5 Qf4+ 46. Ke6 Qf7# 0-1